000 00480nam a2200145 i 4500
001 33479
003 ES-MaACL
007 t|
008 030202s1946 it ||||1| ita d
100 1 _aBiondi, Biondo.
_928939
245 1 3 _aLa servitu predicale nel Diritto Romano
_b: (corso di lezioni) /
_cBiondo Biondi.
260 _aMilano :
_bDott. A. Giuffrè,
_c1946 (
_eCittá di Castello :
_fUnione Arti Grafiche)
300 _aXII, 314 p. ;
_c25 cm.
852 _aES-MaACL
_jB-805
_bR.23860
999 _c33479
_d33479